[Event "Varginha-ch"]
[Site "Varginha"]
[Date "2007.01.17"]
[Round "8"]
[White "Ladeira, Joao Bosco Amado"]
[Black "Gazel Pereira, Frederico"]
[Result "1/2-1/2"]
[WhiteElo "2330"]
[BlackElo "2190"]
[PlyCount "67"]
[EventDate "2007.01.13"]
[EventType "tourn"]
[EventRounds "11"]
[EventCountry "BRA"]
[SourceTitle "EXT 2022"]
[Source "ChessBase"]
[SourceDate "2021.10.06"]
[SourceVersion "1"]
[SourceVersionDate "2021.10.06"]
[SourceQuality "1"]

1. d4 Nf6 2. c4 e6 3. Nc3 Bb4 4. Qc2 Nc6 5. Nf3 d6 6. a3 Bxc3+ 7. Qxc3 Qe7 8. b4 e5 9. dxe5 Nxe5 10. Nxe5 dxe5 11. Bb2 e4 12. e3 0-0 13. Be2 c5 14. 0-0 Be6 15. Rfd1 Rac8 16. Qe5 Rfe8 17. b5 Rcd8 18. h3 h6 19. Bc3 b6 20. a4 Kf8 21. a5 Bc8 22. Qf4 Bb7 23. Rxd8 Rxd8 24. axb6 axb6 25. Ra7 Ne8 26. Qf5 Bc8 27. Rxe7 Bxf5 28. Rb7 Rd6 29. Kf1 f6 30. Ke1 Be6 31. Bb2 Bc8 32. Rb8 Bd7 33. Bc3 Ke7 34. Bd2 1/2-1/2

[Event "Varginha-ch"]
[Site "Varginha"]
[Date "2007.01.14"]
[Round "4"]
[White "Ladeira, Joao Bosco Amado"]
[Black "Barbosa, Evandro Amorim"]
[Result "0-1"]
[WhiteElo "2330"]
[BlackElo "2121"]
[PlyCount "33"]
[EventDate "2007.01.13"]
[EventType "tourn"]
[EventRounds "11"]
[EventCountry "BRA"]
[SourceTitle "EXT 2022"]
[Source "ChessBase"]
[SourceDate "2021.10.06"]
[SourceVersion "1"]
[SourceVersionDate "2021.10.06"]
[SourceQuality "1"]

1. d4 Nf6 2. c4 g6 3. Nc3 Bg7 4. g3 0-0 5. Bg2 d6 6. Nf3 c5 7. 0-0 Nc6 8. d5 Na5 9. Nd2 a6 10. Qc2 Rb8 11. b3 b5 12. Rb1 bxc4 13. bxc4 Rxb1 14. Ncxb1 e6 15. Na3 exd5 16. cxd5 Re8 17. e4 0-1

[Event "Varginha-ch"]
[Site "Varginha"]
[Date "2007.01.14"]
[Round "3"]
[White "Molina, Roberto Junio Brito"]
[Black "Ladeira, Joao Bosco Amado"]
[Result "1/2-1/2"]
[WhiteElo "2336"]
[BlackElo "2330"]
[PlyCount "95"]
[EventDate "2007.01.13"]
[EventType "tourn"]
[EventRounds "11"]
[EventCountry "BRA"]
[SourceTitle "EXT 2022"]
[Source "ChessBase"]
[SourceDate "2021.10.06"]
[SourceVersion "1"]
[SourceVersionDate "2021.10.06"]
[SourceQuality "1"]

1. e4 d6 2. d4 Nf6 3. Nc3 g6 4. Be3 c6 5. Qd2 b5 6. Bd3 Nbd7 7. Nf3 Bg7 8. Bh6 Bxh6 9. Qxh6 b4 10. Ne2 e5 11. h3 Qe7 12. 0-0-0 Bb7 13. Rhe1 0-0-0 14. Qd2 c5 15. d5 Nb6 16. c3 a5 17. cxb4 axb4 18. Kb1 Kc7 19. Rc1 Ra8 20. Qxb4 Ra4 21. Qb3 Nxe4 22. Bxe4 Rxe4 23. Nc3 Rb4 24. Qd1 Ra8 25. Rc2 f5 26. Kc1 Nc4 27. a3 Na5 28. Rce2 Rb6 29. Nxe5 dxe5 30. Rxe5 Qg5+ 31. Kb1 Rd8 32. Na4 Rb5 33. Nxc5 Rxc5 34. d6+ Kb6 35. Rxc5 Kxc5 36. Re5+ Kc6 37. Qa4+ Kxd6 38. Qxa5 Bc6 39. Qc5+ Kc7 40. Qa7+ Kc8 41. Qa6+ Kc7 42. f4 Qf6 43. Qa7+ Kc8 44. Qa6+ Kc7 45. Qa7+ Kd6 46. Qc5+ Kc7 47. Qa7+ Kc8 48. Qa6+ 1/2-1/2